Every Wrestler to Compete on NXT UK TakeOver - Statistics

General Stats
  • This quiz has been taken 153 times
    146 since last reset
  • The average score is 14 of 25
Answer Stats
First UK TakeOver Match Wrestler % Correct
Blackpool Pete Dunne
92%
Cardiff Walter
90%
Blackpool Tyler Bate
88%
Blackpool Rhea Ripley
75%
Blackpool Toni Storm
70%
Blackpool Trent Seven
69%
Blackpool Joe Coffey
66%
Cardiff Mark Coffey
64%
Cardiff Kay Lee Ray
62%
Cardiff Wolfgang
62%
Blackpool Finn Balor
60%
Cardiff Mark Andrews
57%
Cardiff Flash Morgan Webster
55%
Cardiff Ilja Dragunov
55%
Blackpool Jordan Devlin
55%
Blackpool James Drake
46%
Blackpool Zack Gibson
45%
Blackpool II Piper Niven
43%
Cardiff Cesaro
42%
Blackpool II Fabian Aichner
40%
Blackpool II Marcel Barthel
39%
Blackpool Dave Mastiff
38%
Cardiff Noam Dar
38%
Blackpool Eddie Dennis
34%
Cardiff Travis Banks
22%
No matching quizzes found
Score Distribution
Percent of People with Each Score
Percentile by Number Answered
Your Score History
You have not taken this quiz since the last reset